00878nam a2200241Ia 4500001000600000003000900006008004100015040001300056040001300069041001300082100002200095100002900117245005700146245008600203250001100289260001100300260001800311260004900329300005900378500014500437650002300582650003100605G7570IT-RoPAU130308s9999 xx 000 0 und d aIT-RoPAU cIT-RoPAU aITALIANO aThibaud Jean-Paul gCodice Aut. SPICS: 46077 aWalkman (Il). paesaggio sonoro e forme d'interazione bSenso delle Cose (Il). I Significati Sociali e culturali degli Oggetti Quotidiani a1a ed. aMILANO bAngeli Franco c1999 [1° Ed.:1999 - Ed.Ling.Originale:1999] a"17 p. (prefazione: no ; testo: 17 [pagine: 170-186])" aDiscernimento dell'ambiente Sonoro. ricomposizione delle Soglie. Destabilizzazione delle Situazioni Sociali. Una Sociabilità Pubblicativa. aSAGGI DI SEMANTICA eCodice materia Spics: 3307